[Event "Sant Adria de Besos op-B 5th"]
[Site "Sant Adria de Besos"]
[Date "2023.08.11"]
[Round "1"]
[White "Carabantes Otal, Laia"]
[Black "Reyes Marin, Raul"]
[Result "1/2-1/2"]
[WhiteElo "1494"]
[BlackElo "1776"]
[PlyCount "101"]
[EventDate "2023.08.11"]
[EventType "swiss"]
[EventRounds "9"]
[EventCountry "ESP"]
[SourceTitle "EXT 2024"]
[Source "ChessBase"]
[SourceDate "2023.10.10"]
[SourceVersion "1"]
[SourceVersionDate "2023.10.10"]
[SourceQuality "1"]

1. d4 d5 2. c4 e6 3. Nc3 Nf6 4. Nf3 Be7 5. Bf4 0-0 6. e3 c6 7. Bd3 Bd6 8. Bxd6 Qxd6 9. c5 Qc7 10. Ne5 Nbd7 11. f4 b6 12. b4 bxc5 13. bxc5 Qa5 14. Qc2 Nxe5 15. fxe5 Ne4 16. Bxe4 dxe4 17. 0-0 Ba6 18. Rf4 Bd3 19. Qc1 f6 20. Nxe4 fxe5 21. Rxf8+ Rxf8 22. Nf2 Bb5 23. Qe1 Qa4 24. Qd2 Rd8 25. Ne4 exd4 26. exd4 e5 27. Nd6 exd4 28. Qxd4 Qa6 29. Qe5 Bc4 30. Re1 Rf8 31. Qe7 Bf7 32. Rf1 Qd3 33. Re1 Qd4+ 34. Qe3 Qxe3+ 35. Rxe3 Bxa2 36. Ra3 Bd5 37. Rxa7 h6 38. Rc7 Rb8 39. Rc8+ Rxc8 40. Nxc8 Kf7 41. Kf2 Ke6 42. g3 Ke5 43. Ke3 g5 44. Ne7 h5 45. h4 gxh4 46. gxh4 Bh1 47. Ng6+ Kf5 48. Nf4 Kg4 49. Ng6 Kf5 50. Nf4 Kg4 51. Ng6 1/2-1/2

[Event "Roncana op-A 13th"]
[Site "Santa Eulalia de Roncana"]
[Date "2019.10.19"]
[Round "4"]
[White "Soler Colomer, Joan"]
[Black "Reyes Marin, Raul"]
[Result "1-0"]
[WhiteElo "1562"]
[BlackElo "1711"]
[PlyCount "67"]
[EventDate "2019.09.28"]
[EventType "swiss"]
[EventRounds "8"]
[EventCountry "ESP"]
[SourceTitle "CBM 193 Extra"]
[Source "ChessBase"]
[SourceDate "2020.01.31"]
[SourceVersion "1"]
[SourceVersionDate "2020.01.31"]
[SourceQuality "1"]

1. Nf3 Nc6 2. d4 d5 3. c4 e6 4. a3 a5 5. Nc3 Nge7 6. Bf4 Ng6 7. Bg3 f5 8. e3 Nb8 9. cxd5 exd5 10. Bd3 Be7 11. Nb5 Na6 12. Qc2 c6 13. Nc3 0-0 14. 0-0 Nc7 15. Bxc7 Qxc7 16. Nxd5 Qd6 17. Nxe7+ Nxe7 18. Bc4+ Kh8 19. Ne5 Nd5 20. Bxd5 cxd5 21. Rac1 Be6 22. Qb3 Rab8 23. f4 Bf7 24. Rc5 b6 25. Rc6 Qd8 26. Rfc1 Be8 27. Rc7 Rf6 28. Qc2 Qd6 29. Rc8 Rxc8 30. Qxc8 Qf8 31. Qb7 Rd6 32. Rc8 Kg8 33. Qc7 a4 34. Rxe8 1-0

[Event "Sant Adria de Besos op-B 3rd"]
[Site "Sant Adria de Besos"]
[Date "2019.08.15"]
[Round "2"]
[White "Peiron Lluch, Jose Daniel"]
[Black "Reyes Marin, Raul"]
[Result "1/2-1/2"]
[WhiteElo "1843"]
[BlackElo "1699"]
[PlyCount "28"]
[EventDate "2019.08.14"]
[EventType "swiss"]
[EventRounds "9"]
[EventCountry "ESP"]
[SourceTitle "EXT 2020"]
[Source "ChessBase"]
[SourceDate "2019.10.17"]
[SourceVersion "1"]
[SourceVersionDate "2019.10.17"]
[SourceQuality "1"]

1. d4 Nf6 2. Bf4 e6 3. Nf3 d5 4. e3 c5 5. c3 Nc6 6. Bd3 Bd6 7. Ne5 Qc7 8. Bb5 Nd7 9. Nxd7 Bxf4 10. Nxc5 Bd6 11. Nd2 e5 12. Ndb3 a6 13. Bd3 Ne7 14. Qh5 Nc6 1/2-1/2

[Event "Llinars del Valles op 11th"]
[Site "Llinars del Valles"]
[Date "2017.05.27"]
[Round "6"]
[White "Reyes Marin, Raul"]
[Black "Torralba Brosa, Marc"]
[Result "1-0"]
[WhiteElo "1696"]
[BlackElo "1869"]
[PlyCount "35"]
[EventDate "2017.04.22"]
[EventType "swiss"]
[EventRounds "9"]
[EventCountry "CAT"]
[SourceTitle "EXT 2018"]
[Source "ChessBase"]
[SourceDate "2017.10.13"]
[SourceVersion "1"]
[SourceVersionDate "2017.10.13"]
[SourceQuality "1"]

1. c4 e5 2. Nc3 f5 3. e4 f4 4. Qh5+ Ke7 5. Qxe5+ Kf7 6. c5 Nf6 7. Bc4+ d5 8. Nxd5 Be6 9. Nf3 h6 10. Qxf4 Bxc5 11. Ne5+ Kg8 12. Nxf6+ gxf6 13. Bxe6+ Kf8 14. Ng6+ Kg7 15. Nxh8 Qe7 16. Nf7 Bd6 17. Qxh6+ Kg8 18. Qh8# 1-0

[Event "Llinars del Valles op 11th"]
[Site "Llinars del Valles"]
[Date "2017.05.20"]
[Round "5"]
[White "Ritter Aguilar, Jordi"]
[Black "Reyes Marin, Raul"]
[Result "1-0"]
[WhiteElo "1856"]
[BlackElo "1696"]
[PlyCount "53"]
[EventDate "2017.04.22"]
[EventType "swiss"]
[EventRounds "9"]
[EventCountry "CAT"]
[SourceTitle "EXT 2018"]
[Source "ChessBase"]
[SourceDate "2017.10.13"]
[SourceVersion "1"]
[SourceVersionDate "2017.10.13"]
[SourceQuality "1"]

1. e4 e6 2. Nf3 d5 3. e5 c5 4. b4 cxb4 5. d4 Nc6 6. Bd3 Qb6 7. 0-0 Bd7 8. Be3 Na5 9. c3 bxc3 10. Nxc3 Rc8 11. Rb1 Qc7 12. Nb5 Bxb5 13. Bxb5+ Nc6 14. Qa4 a6 15. Bxc6+ Qxc6 16. Rfc1 Qxa4 17. Rxc8+ Kd7 18. Rbc1 Qa5 19. Rxf8 Ke7 20. Rfc8 Kd7 21. Ng5 Ne7 22. Rxh8 Nf5 23. Rhc8 h6 24. Nxf7 Nxe3 25. fxe3 h5 26. Nd6 b5 27. Rf1 1-0

[Event "Roncana op-B 10th"]
[Site "Santa Eulalia de Roncana"]
[Date "2016.10.01"]
[Round "2"]
[White "Reyes Marin, Raul"]
[Black "Salvany Guiu, Jorge"]
[Result "1-0"]
[WhiteElo "1512"]
[BlackElo "1810"]
[PlyCount "73"]
[EventDate "2016.09.24"]
[EventType "swiss"]
[EventRounds "8"]
[EventCountry "ESP"]
[SourceTitle "EXT 2018"]
[Source "ChessBase"]
[SourceDate "2017.10.13"]
[SourceVersion "1"]
[SourceVersionDate "2017.10.13"]
[SourceQuality "1"]

1. e4 d5 2. exd5 Qxd5 3. Nc3 Qd6 4. d4 Nf6 5. Bc4 a6 6. Nf3 Nc6 7. 0-0 Bg4 8. d5 Ne5 9. Be2 h5 10. Nxe5 Qxe5 11. Re1 Qd6 12. Bg5 0-0-0 13. Bxf6 Bxe2 14. Rxe2 Qxf6 15. Qe1 g5 16. Ne4 Qf5 17. Nc3 h4 18. Rd1 h3 19. g3 Qd7 20. Ne4 f6 21. c4 Bg7 22. Nc5 Qd6 23. Qb4 b6 24. Nxa6 Qxb4 25. Nxb4 e5 26. Nc6 Rd6 27. b4 Bf8 28. a4 Kd7 29. b5 Bg7 30. a5 bxa5 31. c5 Rxc6 32. bxc6+ Ke7 33. d6+ cxd6 34. cxd6+ Kd8 35. Ra2 Rh7 36. Rxa5 Ke8 37. d7+ 1-0